000 01037nam a2200265Ia 4500
003 OSt
005 20220930094852.0
006 a|||||r|||| 00| 0
007 ta
008 220926b |||||||| |||| 00| 0 hin d
024 _a28359
037 _cTheses
040 _aCRL
_cCRL
_bhin
041 _2hin
_ahin
100 _aत्यागी, देवेन्द्र
110 _aदिल्ली विश्वविद्यालय. कला संकाय. हिन्दी विभाग
245 0 _aहिन्दी - काव्यशास्त्र में गुण - विवेचन
246 _aHindī - kāvyashāstra mean guṇ - vivechana
260 _c1990
300 _a456पृ0
_ap.
_ccm.
650 _aहिन्दी कविता
700 _aदिल्ली विश्वविद्यालय. कला संकाय. हिन्दी विभाग
942 _cDIS
_2CC
999 _c887813
_d887813